Normal view
MARC view
- Aquila Ismail,Qaiser Salim. translater
Entry Personal Name
001 - CONTROL NUMBER
- control field: 9869
003 - CONTROL NUMBER IDENTIFIER
- control field: NUST
005 - DATE AND TIME OF LATEST TRANSACTION
- control field: 20180124165320.0
008 - FIXED-LENGTH DATA ELEMENTS
- fixed length control field: 180124|| aca||aabn | a|a d
040 ## - CATALOGING SOURCE
- Original cataloging agency: NUST
- Transcribing agency: NUST
100 ## - HEADING--PERSONAL NAME
- Personal name: Aquila Ismail,Qaiser Salim. translater
670 ## - SOURCE DATA FOUND
- Source citation: Work cat.: (NUST)325551: Aquila Ismail,Qaiser Salim. translater, Laho Laho Bangla Desh=Of martyrs and marigolds, 2013
